UBT Library

IFLA Parimet mbi Përkujdesjen dhe Përdorimin e Materialit Bibliotekar / (Record no. 89)

000 -LEADER
fixed length control field 00963nam a22002657a 4500
008 - FIXED-LENGTH DATA ELEMENTS--GENERAL INFORMATION
fixed length control field 131010b xxu||||| |||| 00| 0 alb d
020 ## - INTERNATIONAL STANDARD BOOK NUMBER
International Standard Book Number 9951130038
041 0# - LANGUAGE CODE
Language code of text/sound track or separate title alb
080 ## - UNIVERSAL DECIMAL CLASSIFICATION NUMBER
Universal Decimal Classification number 025.85
100 ## - Rafti
Rafti Adcock. Edward P.
245 10 - TITLE STATEMENT
Title IFLA Parimet mbi Përkujdesjen dhe Përdorimin e Materialit Bibliotekar /
Statement of responsibility, etc Hartuar dhe redaktuar nga Edward P. Adcock ; në bashkëpunim me Maria-Therese Valramoff dhe Virginie Kremp ; Përktheu Avni Spahiu.
260 ## -
-- Prishtinë :
-- Biblioteka Kombëtare dhe Universitare e Kosovës ;
-- 2004
300 ## -
-- 152 f.:
-- 20 cm.
490 ## -
-- Federata Ndërkombëtare e Asociacioneve dhe Insitutcioneve Bibliotekare
500 ## -
-- Fjalori : f. 11-17
500 ## -
-- Parathënie : f. 18-22
650 ## -
-- Materialet bibliotekare
650 ## -
-- Librat
650 ## -
-- Ruajtja dhe restaurimi
700 ## -
-- Valramoff, Maria-Therese
700 ## -
-- Kremp, Virginie
700 ## -
-- Spahiu, Avni
710 ## -
-- IFLA
942 ## - ADDED ENTRY ELEMENTS (KOHA)
Source of classification or shelving scheme
Item type Books
Holdings
Withdrawn status Lost status Source of classification or shelving scheme Damaged status Not for loan Collection code Permanent location Current location Shelving location Date acquired Total Checkouts Full call number Barcode Date last seen Koha item type
          Koleksioni i përgjithshem UBT - Prishtine UBT - Prishtine Koleksioni i përgjithshem 10/10/2013   025.85 PAR 001-000084 10/10/2013 Books
          Koleksioni i përgjithshem UBT - Prishtine UBT - Prishtine Koleksioni i përgjithshem 10/10/2013   025.85 PAR 001-000083 10/10/2013 Books
UBT Library © 2015-2024. All rights reserved University Education for Business and Technology